Love your brother, love your neighbour (Record no. 1797)

MARC details
000 -LEADER
fixed length control field 007100000a22002410004500
003 - CONTROL NUMBER IDENTIFIER
control field LK-CoMWRAF
005 - DATE AND TIME OF LATEST TRANSACTION
control field 20231211093800.0
008 - FIXED-LENGTH DATA ELEMENTS--GENERAL INFORMATION
fixed length control field 230817t1985 ||||| |||| 00| 0 eng d
020 ## - INTERNATIONAL STANDARD BOOK NUMBER
International Standard Book Number 860371158
040 ## - CATALOGING SOURCE
Original cataloging agency LK-CoMWRAF
Modifying agency LK-CoMWRAF
Description conventions LK-CoMWRAF
041 ## - LANGUAGE CODE
Language code of text/sound track or separate title English
082 ## - DEWEY DECIMAL CLASSIFICATION NUMBER
Classification number 297.44
Item number MUR
942 ## - ADDED ENTRY ELEMENTS (KOHA)
Koha item type Books
100 ## - MAIN ENTRY--PERSONAL NAME
Personal name Murad, Khurram
700 ## - ADDED ENTRY--PERSONAL NAME
Personal name Murad, Khurram
Relator Term editor
700 ## - ADDED ENTRY--PERSONAL NAME
Personal name von Denffer, Ahmad
Relator Term editor
245 ## - TITLE STATEMENT
Title Love your brother, love your neighbour
260 ## - PUBLICATION, DISTRIBUTION, ETC. (IMPRINT)
Place of publication, distribution, etc. Leicester:
Name of publisher, distributor, etc. Islamic Foundation,
Date of publication, distribution, etc. 1982
300 ## - PHYSICAL DESCRIPTION
Extent 31 p. : color ill. ; 21 cm.
490 ## - SERIES STATEMENT
Series statement Muslim children's library
Volume/sequential designation 9
650 ## - SUBJECT ADDED ENTRY--TOPICAL TERM
Topical term or geographic name as entry element Islamic life Love - For children
650 ## - SUBJECT ADDED ENTRY--TOPICAL TERM
Topical term or geographic name as entry element Love (Islam)- Juvenile literature
Holdings
Withdrawn status Lost status Damaged status Not for loan Permanent Location Current Location Date acquired Full call number Barcode Koha item type
        Resource center, Muslim Women's Research And Action Forum Resource center, Muslim Women's Research And Action Forum 2023-08-17 297.44 MUR RAF4417 Books

Copyright © 2023 Muslim Women's Research and Action Forum (MWRAF), No 27/3, Anderson Road, Kalubowila, Dehiwela. Funded by The Asia Fundation